Sanat - "Junan lähtö" - Statistics

Yleistilastot
  • Tätä visaa on pelattu 6 kertaa
  • Keskiarvotulos 16 / 34
Vastaustilastot
Vastaus % Oikein
aamulla
100%
Aikaisin
100%
asemalla
80%
suurella
80%
katso
60%
pikku
60%
raiteillaan
60%
vetureita
60%
avarahan
40%
hanoja
40%
kauas
40%
lähdemme
40%
lauletaan
40%
laulu
40%
maailmaan
40%
matkaan
40%
Matkalle
40%
miehet
40%
ratsulla
40%
rautaisella
40%
reippahasti
40%
sielläpä
40%
siis
40%
siis
40%
siis
40%
siis
40%
sitten
40%
tämä
40%
tuonne
40%
uudestaan
40%
vaan
40%
vetelevät
40%
veturin
40%
viheltäen
40%
Ehtoja vastaavia visoja ei löytynyt
Tulosjakauma
Jokaisen tuloksen saaneiden osuus
Persentiili vastausten määrän mukaan
Tuloshistoriasi
Et ole pelannut tätä visaa